Διαδικασίες εφαρμογής ενός ολοκληρωμένου πληροφοριακού συστήματος : διαδικασίες προσαρμογής του ανθρώπινου παράγοντα : διπλωματική εργασία
Αποθηκεύτηκε σε:
| Κύριος συγγραφέας: | |
|---|---|
| Συγγραφή απο Οργανισμό/Αρχή: | |
| Άλλοι συγγραφείς: | |
| Μορφή: | Thesis Βιβλίο |
| Γλώσσα: | Greek |
| Δημοσίευση: |
2007
|
| Θέματα: | |
| Διαθέσιμο Online: | http://hdl.handle.net/11610/13332 |
| Ετικέτες: |
Προσθήκη ετικέτας
Δεν υπάρχουν, Καταχωρήστε ετικέτα πρώτοι!
|
MARC
| LEADER | 00000cam a2200000 i 4500 | ||
|---|---|---|---|
| 001 | 1/67914 | ||
| 008 | 071214s2007 gre d | ||
| 035 | |l 10093137 | ||
| 040 | |a GR-MY-UA |b gre |e aacr | ||
| 041 | 0 | |a gre | |
| 082 | 0 | |a 658.403 |2 (22) | |
| 100 | 1 | |a Τεβεκέλη, Αναστασία. | |
| 245 | 1 | 0 | |a Διαδικασίες εφαρμογής ενός ολοκληρωμένου πληροφοριακού συστήματος : |b διαδικασίες προσαρμογής του ανθρώπινου παράγοντα : διπλωματική εργασία / |c Αναστασία Τεβεκέλη ; επιβλέπων: Α.Κακούρης |
| 260 | |c 2007 | ||
| 300 | |a 115 σ. | ||
| 502 | |a Διατριβή (μεταπτυχιακή) – Πανεπιστήμιο Αιγαίου, Χίος, 2007. | ||
| 504 | |a Περιλαμβάνει βιβλιογραφία | ||
| 610 | 2 | 0 | |a Πανεπιστήμιο Αιγαίου. |
| 650 | 0 | 0 | |a Management information systems. |
| 650 | 0 | 0 | |a Dissertations, Academic |z Greece. |
| 700 | 0 | |a Κακούρης, Ανδρέας. |4 ths | |
| 710 | 1 | |a Πανεπιστήμιο Αιγαίου |b Σχολή Επιστημών της Διοίκησης |b Τμήμα Διοίκησης Επιχειρήσεων |b Πρόγραμμα Μεταπτυχιακών Σπουδών στη Διοίκηση Επιχειρήσεων - M.B.A. | |
| 852 | |a INST |b CHIOS |c DIATR |e 20071214 |h 658.403 ΤΕΒ |p 005200028203 |q 005200028203 |t MTXE |y 23 | ||
| 852 | |a INST |b CHIOS |c DIATR |e 20071214 |h 658.403 ΤΕΒ |p 005200028204 |q 005200028204 |t MTXE |y 23 | ||
| 856 | |u http://hdl.handle.net/11610/13332 | ||
| 901 | |a BIBL2-2007-3 | ||
| 909 | |a Χ |b 131594 | ||
| 909 | |a Χ |b 131595 | ||
| 924 | |a Τεβεκέλη |b Αναστασία |y Χίος |z 2007-11 | ||
| 970 | |a Ατσάλη |b Δέσποινα |z 2007/12/14 | ||